| 000 | 00363nam a2200157Ia 4500 | ||
|---|---|---|---|
| 008 | 230524s9999 xx 000 0 und d | ||
| 082 |
_a620.1 _bKUM |
||
| 100 | _aK.L.Kumar | ||
| 245 | 0 | _aEngineering Mechanics | |
| 250 | _a3RD | ||
| 260 |
_aNEW DELHI _bTMH _c2003 |
||
| 300 | _aXXII;799 | ||
| 500 | _aQuantity Number: 19 | ||
| 650 | _aMechanics | ||
| 942 | _cBK | ||
| 999 |
_c11454 _d11454 |
||